Apollo 13 (Record no. 818)

MARC details
000 -LEADER
fixed length control field 04217cgm a2200793Ia 4500
003 - CONTROL NUMBER IDENTIFIER
control field data
005 - DATE AND TIME OF LATEST TRANSACTION
control field 20260322212035.0
007 - PHYSICAL DESCRIPTION FIXED FIELD--GENERAL INFORMATION
fixed length control field data
008 - FIXED-LENGTH DATA ELEMENTS--GENERAL INFORMATION
fixed length control field data
020 ## - INTERNATIONAL STANDARD BOOK NUMBER
International Standard Book Number 0783219695
020 ## - INTERNATIONAL STANDARD BOOK NUMBER
International Standard Book Number 9780783219691
024 1# - OTHER STANDARD IDENTIFIER
Standard number or code 025192002328
028 42 - PUBLISHER OR DISTRIBUTOR NUMBER
Publisher or distributor number 20023
Source Universal
040 ## - CATALOGING SOURCE
Original cataloging agency TEFMT
Transcribing agency TEFMT
Modifying agency CWR
-- OCLCQ
-- FSP
-- OCL
-- GK8
-- MR0
-- OCLCQ
-- GK8
-- BTCTA
-- YDXCP
-- TEU
-- WCM
-- XL4
-- OCLCQ
-- MNJ
-- OCLCA
-- MOF
-- CWR
041 1# - LANGUAGE CODE
Language code of text/sound track or separate title spa
-- fre
-- spa
Language code of subtitles spa
-- fre
-- spa
Language code of original eng
050 14 - LIBRARY OF CONGRESS CALL NUMBER
Classification number PN1997
Item number .A6623 2005
099 ## - LOCAL FREE-TEXT CALL NUMBER (OCLC)
Classification number DVD 974
001 - CONTROL NUMBER
control field data
130 0# - MAIN ENTRY--UNIFORM TITLE
Uniform title Apollo 13 (Motion picture)
245 10 - TITLE STATEMENT
Title Apollo 13
Medium [videorecording] /
Statement of responsibility, etc. Ron Howard ... [et al.].
246 3# - VARYING FORM OF TITLE
Title proper/short title Apollo thirteen.
250 ## - EDITION STATEMENT
Edition statement 2-disc anniversary ed.
260 ## - PUBLICATION, DISTRIBUTION, ETC.
Place of publication, distribution, etc. Universal City, CA :
Name of publisher, distributor, etc. Universal,
Date of publication, distribution, etc. c2005.
300 ## - PHYSICAL DESCRIPTION
Extent 2 videodiscs (ca. 140 min.) :
Other physical details sd., col. ;
Dimensions 4 3/4 in.
500 ## - GENERAL NOTE
General note Originally released in 1995 as a motion picture.
500 ## - GENERAL NOTE
General note Based on the book Lost moon by Jim Lovell & Jeffrey Kluger.
505 0# - FORMATTED CONTENTS NOTE
Formatted contents note Disc 1. Anniversary edition; (anamorphic widescreen 2.35:1) ; Lost moon: the triumph of Apollo 13, the making of Apollo 13 ; feature commentary with director Ron Howard ; feature commentary with Jim & Marilyn Lovell ; production notes ; theatrical trailer -- Disc 2. The IMAX experience version; (anamorphic widescreen 1.66:1) ; Conquering space: the moon and beyond ; Luck 13: the astronauts' story.
508 ## - CREATION/PRODUCTION CREDITS NOTE
Creation/production credits note Director of photography, Dean Cundey ; art directors, David J. Bomba, Bruce Alan Miller ; editors, Dan Hanley, Mike Hill ; music, James Horner ; costume designer, Rita Ryack ; production designer, Michael Corenblith ; visual effects supervisor, Robert Legato.
511 1# - PARTICIPANT OR PERFORMER NOTE
Participant or performer note Tom Hanks, Bill Paxton, Kevin Bacon, Gary Sinise, Ed Harris, Kathleen Quinlan, Mary Kate Schellhardt, Emily Ann Lloyd, Miko Hughes.
520 ## - SUMMARY, ETC.
Summary, etc. It had been less than a year since the first man walked on the Moon, but to the American public, Apollo 13 was just another "routine" space flight. That is until the words pierced the immense void of space: "Houston, we have a problem." Stranded in a crippled spacecraft 205,000 miles from Earth, astronauts Jim Lovell, Fred Haise, and Jack Swigert fight a desperate battle to survive. Meanwhile, at Mission Control, astronaut Ken Mattingly, flight director Gene Kranz, and the efforts of a heroic ground crew race against time -- and the odds -- to bring the men home.
521 8# - TARGET AUDIENCE NOTE
Target audience note MPAA rating: PG; for language, peril, and emotional intensity.
538 ## - SYSTEM DETAILS NOTE
System details note DVD ; region 1 ; widescreen (2.35:1) presentation (disc one) ; IMAX presentation (disc two) ; Dolby Digital 5.1 surround, DTS 5.1 surround, dual-layer, single-sided.
546 ## - LANGUAGE NOTE
Language note In English, dubbed French, or dubbed Spanish, with optional French or Spanish subtitles ; closed-captioned.
600 10 - SUBJECT ADDED ENTRY--PERSONAL NAME
Personal name Lovell, Jim
Form subdivision Drama.
600 10 - SUBJECT ADDED ENTRY--PERSONAL NAME
Personal name Haise, Fred,
Dates associated with a name 1933-
Form subdivision Drama.
600 10 - SUBJECT ADDED ENTRY--PERSONAL NAME
Personal name Swigert, John L.
Fuller form of name (John Leonard),
Dates associated with a name 1931-1982
Form subdivision Drama.
610 20 - SUBJECT ADDED ENTRY--CORPORATE NAME
Corporate name or jurisdiction name as entry element Apollo 13 (Spacecraft)
Form subdivision Drama.
650 #0 - SUBJECT ADDED ENTRY--TOPICAL TERM
Topical term or geographic name entry element Space vehicle accidents
Form subdivision Drama.
650 #0 - SUBJECT ADDED ENTRY--TOPICAL TERM
Topical term or geographic name entry element Action and adventure films.
650 #0 - SUBJECT ADDED ENTRY--TOPICAL TERM
Topical term or geographic name entry element Feature films.
650 #0 - SUBJECT ADDED ENTRY--TOPICAL TERM
Topical term or geographic name entry element Film adaptations.
655 #0 - INDEX TERM--GENRE/FORM
Genre/form data or focus term Feature films.
655 #0 - INDEX TERM--GENRE/FORM
Genre/form data or focus term Action and adventure films.
655 #0 - INDEX TERM--GENRE/FORM
Genre/form data or focus term Video recordings for the hearing impaired.
655 #0 - INDEX TERM--GENRE/FORM
Genre/form data or focus term Film adaptations.
700 1# - ADDED ENTRY--PERSONAL NAME
Personal name Howard, Ron,
Dates associated with a name 1954-
700 1# - ADDED ENTRY--PERSONAL NAME
Personal name Broyles, William.
700 1# - ADDED ENTRY--PERSONAL NAME
Personal name Reinert, Al.
700 1# - ADDED ENTRY--PERSONAL NAME
Personal name Grazer, Brian,
Dates associated with a name 1953-
700 1# - ADDED ENTRY--PERSONAL NAME
Personal name Hanks, Tom.
700 1# - ADDED ENTRY--PERSONAL NAME
Personal name Paxton, Bill.
700 1# - ADDED ENTRY--PERSONAL NAME
Personal name Bacon, Kevin,
Dates associated with a name 1958-
700 1# - ADDED ENTRY--PERSONAL NAME
Personal name Sinise, Gary.
700 1# - ADDED ENTRY--PERSONAL NAME
Personal name Harris, Ed,
Dates associated with a name 1950-
700 1# - ADDED ENTRY--PERSONAL NAME
Personal name Quinlan, Kathleen,
Dates associated with a name 1954-
700 1# - ADDED ENTRY--PERSONAL NAME
Personal name Schellhardt, Mary Kate,
Dates associated with a name 1978-
700 1# - ADDED ENTRY--PERSONAL NAME
Personal name Lloyd, Emily Ann,
Dates associated with a name 1983-
700 1# - ADDED ENTRY--PERSONAL NAME
Personal name Hughes, Miko,
Dates associated with a name 1986-
700 1# - ADDED ENTRY--PERSONAL NAME
Personal name Horner, James.
Relationship cmp.
700 1# - ADDED ENTRY--PERSONAL NAME
Personal name Cundey, Dean,
Dates associated with a name 1945-
700 1# - ADDED ENTRY--PERSONAL NAME
Personal name Hanley, Daniel P.,
Dates associated with a name 1955-
700 1# - ADDED ENTRY--PERSONAL NAME
Personal name Hill, Mike,
Dates associated with a name 1952-
700 1# - ADDED ENTRY--PERSONAL NAME
Personal name Ryack, Rita.
700 1# - ADDED ENTRY--PERSONAL NAME
Personal name Lovell, Jim.
Title of a work Lost moon.
710 2# - ADDED ENTRY--CORPORATE NAME
Corporate name or jurisdiction name as entry element Imagine Entertainment (Firm)
710 2# - ADDED ENTRY--CORPORATE NAME
Corporate name or jurisdiction name as entry element Universal Pictures (Firm)
710 2# - ADDED ENTRY--CORPORATE NAME
Corporate name or jurisdiction name as entry element Universal Studios Home Entertainment (Firm)
856 41 - ELECTRONIC LOCATION AND ACCESS
Uniform Resource Identifier <a href="https://images-na.ssl-images-amazon.com/images/I/510UItLNLbL._SY445_.jpg">https://images-na.ssl-images-amazon.com/images/I/510UItLNLbL._SY445_.jpg</a>
Holdings
Withdrawn status Lost status Damaged status Not for loan Home library Current library Shelving location Date acquired Total checkouts Full call number Barcode Date last seen Price effective from Koha item type
        Franklin Franklin General stacks 22/03/2026   PN1997 .A6623 2005 BC0010842 22/03/2026 22/03/2026 Books